| 000 | 01034nam a2200313 a 4500 | ||
|---|---|---|---|
| 001 | 015670054 | ||
| 003 | OSt | ||
| 005 | 20201128021140.0 | ||
| 008 | 100503t2011 xxua frbd 001 0 eng d | ||
| 010 | _a2010018459 | ||
| 020 | _a9780132478823 (pbk.) | ||
| 020 | _a013247882X (pbk.) | ||
| 040 |
_aDLC _cDLC _dYDX _dYDXCP _dCDX _dUk _dEG-ScBUE |
||
| 082 | 0 | 0 |
_a658.472 _222 _bBUS |
| 245 | 0 | 0 |
_aBusiness intelligence : _ba managerial approach / _cEfraim Turban ... [et al.] |
| 250 |
_a2nd ed., _binternational ed. |
||
| 260 |
_aNew Jersey, United States : _bPrentice Hall, _cc.2011. |
||
| 300 |
_a312 p. : _bill. ; _c26 cm. |
||
| 500 | _aGlossary : p. 295-301. | ||
| 500 | _aIndex : p. 303-312. | ||
| 504 | _aIncludes bibliographical references. | ||
| 650 | 0 |
_aBusiness intelligence _93881 |
|
| 650 | 0 |
_aIndustrial management _91569 |
|
| 653 |
_bBUSADM _cDecember2014 |
||
| 655 |
_vreading book _934232 |
||
| 690 | 7 |
_aManagement and Business Studies _2blcoll |
|
| 700 | 1 |
_aTurban, Efraim _919152 |
|
| 942 |
_2ddc _k658.472 BUS |
||
| 999 |
_c18745 _d18717 |
||